000 00968 a2200253 4500
003 OSt
005 20180116192401.0
008 120618t xxu||||| |||| 00| 0 eng d
010 _a 2009674039
020 _a9783037680261
040 _c0
082 _a712
100 1 _aUffelen, Chris van.
_94706
245 1 0 _aCollection :
_blandscape architecture = [Collection] : Landschaftsarchitektur = [Collection] : architecture paysage /
_cChris van Uffelen ; [translation into English, Cosima Talhouni ; French version, Marcel Saché ; translation into German, Joanna Zajac-Heinken].
250 _a1st ed.
260 _aLondon :
_bBraun,
_c2009.
300 _a456 p. :
_bcol. ill. ;
_c30 cm.
500 _aIncludes index.
650 1 0 _aLandscape architecture
_94707
650 1 0 _aArchitecture
_xlandscapes
_94708
650 1 0 _aLandscape gardening
_94709
942 _aSADA
_cREF
_kREF 712 UFF 2009
_2ddc
999 _c353324
_d353324